| 000 | 01513cab a2200241 4500 | ||
|---|---|---|---|
| 001 | ABS45465 | ||
| 008 | 090401t1991 xxu||||| |||| 00| 0 eng d | ||
| 035 | _a(Sirsi) u53149 | ||
| 041 | _aeng | ||
| 245 | _aGrosvenor Estate Belgravia v Cochran | ||
| 260 | _c1991 | ||
| 350 | _a0 | ||
| 490 |
_aEstates Gazette _v1991 44 EG 169-173(4) |
||
| 520 | _aCA 3 May 1991. Appeal by tenant Cochran (C) against a possession order granted to landlord G. A subtenancy of a basement flat had been granted to C for a term longer than the residue of the headlease. C argued that the agreement granting the subtenancy operated as an assignment of the residue of head tenancy in respect of the flat and that the assigned tenancy came to an end on the term date of the headlease and therefore she had acquired a long tenancy protected by the Landlord and Tenant Act Part I. CA dismissed C`s arguments on the grounds that C`s tenancy failed to fulfil the qualifying condition of being let as a separate dwelling. CA noted that C had been badly advised. C had no security of tenure and no means of recouping capital expenditure of £35,000 spent on the flat. Appeal dismissed. | ||
| 650 | _aLANDLORD AND TENANT ACT 1954 PART I | ||
| 650 | _aPROPERTY-RESIDENTIAL PROPERTY-RESIDENTIAL LANDLORD AND TENANT-RESIDENTIAL TENANCIES | ||
| 650 | _aSECURITY OF TENURE | ||
| 650 | _aSEPARATE DWELLING | ||
| 650 | _aSUBTENANCIES | ||
| 690 | _aLANDLORD AND TENANT-CASE LAW-RESIDENTIAL TENANCIES | ||
| 942 | _n0 | ||
| 948 | _c04/03/1997 | ||
| 999 |
_c32785 _d32785 |
||